Catálogo
 En Linea

La santa biblia : (Registro nro. 15808)

Detalles MARC
000 -CABECERA
campo de control de longitud fija 00701cam a22002051 4500
001 - NÚMERO DE CONTROL
campo de control 000016272
003 - IDENTIFICADOR DEL NÚMERO DE CONTROL
campo de control DO-SdBNP
005 - FECHA Y HORA DE LA ÚLTIMA TRANSACCIÓN
campo de control 20230228134958.0
007 - CAMPO FIJO DE DESCRIPCIÓN FÍSICA--INFORMACIÓN GENERAL
campo de control de longitud fija ta
008 - DATOS DE LONGITUD FIJA--INFORMACIÓN GENERAL
campo de control de longitud fija 711203s1960 enk 000 0 spa d
040 ## - FUENTE DE LA CATALOGACIÓN
Centro catalogador/agencia de origen DO-SdBNP
Lengua de catalogación spa
Centro/agencia transcriptor BNPHU
082 #4 - NÚMERO DE LA CLASIFICACIÓN DECIMAL DEWEY
Número de documento/Ítem S231
Número de edición 22
245 13 - MENCIÓN DE TÍTULO
Título La santa biblia :
Resto del título antiguo y nuevo testamentos /
Mención de responsabilidad, etc. Antigua versión Casiodoro de Reina (1569) ; revisión Cipriano de Valera (1602).
260 ## - PUBLICACIÓN, DISTRIBUCIÓN, ETC.
Lugar de publicación, distribución, etc. London :
Nombre del editor, distribuidor, etc. Sociedad Bíblica Trinitaria,
Fecha de publicación, distribución, etc. [1960].
300 ## - DESCRIPCIÓN FÍSICA
Extensión 231 p. ;
Dimensiones 20 cm.
500 ## - NOTA GENERAL
Nota general "Con referencias".
700 1# - PUNTO DE ACCESO ADICIONAL--NOMBRE DE PERSONA
Nombre de persona Reina, Casiodoro de,
Fechas asociadas al nombre 1520-1594,
Término indicativo de función/relación traducción
9 (RLIN) 6026
700 1# - PUNTO DE ACCESO ADICIONAL--NOMBRE DE PERSONA
Nombre de persona Valera, Cipriano de,
Fechas asociadas al nombre 1532-1625,
Término indicativo de función/relación traducción
9 (RLIN) 6027
942 ## - ELEMENTOS DE PUNTO DE ACCESO ADICIONAL (KOHA)
Fuente del sistema de clasificación o colocación Dewey Decimal Classification
Tipo de ítem Koha Libro
Existencias
Estado de retiro Estado de pérdida Fuente del sistema de clasificación o colocación Restricciones de uso No para préstamo Código de colección Localización permanente Ubicación/localización actual Ubicación en estantería Fecha de adquisición Signatura topográfica completa Código de barras Fecha visto por última vez Precio válido a partir de Tipo de ítem Koha
    Dewey Decimal Classification Excluido de préstamo   General Biblioteca Nacional Pedro Henríquez Ureña Biblioteca Nacional Pedro Henríquez Ureña En catalogación 02.03.2010 BNPHU G S231 16272-10 25.06.2020 25.06.2020 Libro

Con tecnología Koha